000
00310nam a2200109Ia 4500
008
210430s9999 xx 000 0 und d
082
_a
620.1 N139M
100
_a
Musaddiq.M.H,M.Naeem,Naseem M.Rafique
245
_a
Mechanics
_c
Musaddiq.M.H,M.Naeem,Naseem M.Rafique
260
_a
Lahore
_c
1971
942
_c
BK
_2
ddc
999
_c
565571
_d
565571